000 00574nam a22001697a 4500
005 20251108171917.0
008 250721s2003 xx 000 0 ara d
082 1 4 _a492.5/عبا
100 1 _aعبابنة، يحي
245 1 0 _aاللغة الكنعانية :
_bدراسة صوتية صرفية دلالية مقارنة في ضوء اللغات السامية /
264 1 _aعمان :
_bدارمجدلاوي،
_c2003.
300 _a526ص.
650 1 7 _aاللغة الكنعانية
650 1 7 _aاللغات السامية
942 _2ddc
_cBK
999 _c65739
_d65739